Los de abajo
Guardat en:
| Autor principal: | |
|---|---|
| Format: | Llibre |
| Idioma: | espanyol |
| Publicat: |
Ciudad de México
Fondo de cultura económica
1960
|
| Edició: | 1a. ed |
| Col·lecció: | Colección popular
|
| Matèries: | |
| Etiquetes: |
Afegir etiqueta
Sense etiquetes, Sigues el primer a etiquetar aquest registre!
|
MARC
| LEADER | 00000nam a2200000 a 4500 | ||
|---|---|---|---|
| 001 | UCH6742 | ||
| 003 | CL-VaPUC | ||
| 008 | 091109e19600000MX |||||||||||||||||spa|d | ||
| 082 | 0 | 4 | |a Me863 |b AZU |2 21 |
| 100 | 0 | |a Azuela, Mariano |e author |9 376822 | |
| 245 | 1 | 4 | |a Los de abajo |
| 250 | |a 1a. ed | ||
| 300 | |a 140 p | ||
| 942 | |c BK | ||
| 945 | |d 20091109 00:00:00 |a lazolas | ||
| 260 | |a Ciudad de México |b Fondo de cultura económica |c 1960 | ||
| 650 | 0 | |a Novelas mexicanas |9 317570 | |
| 583 | |a last modification |c 20091109 00:00:00 |k Rodrigo Vera | ||
| 490 | 0 | |a Colección popular | |
| 999 | |c 337573 |d 337571 | ||